LEADER 01085nam a2200241 i 4500 001 000000191532 003 CaOOAMICUS 005 20100809000000.0 008 100809s1981 it u000 u ita u 013 $a170088 040 $aSeMil$bita 100 1 $aMarin, Marcello.$0(OLS)http://semarc/name/46727 245 10$aRicerche sull'Esegesi Agostiniana della parabola delle dieci vergini :$b(Mt 25,1-13) /$cMarcello Marin. 260 $aBari :$bEdipuglia,$c1981. 300 $a344 p. ;$c24 cm. 490 0 $aQuaderni di Vetera Christianorum ;$v16 650 4$aBibbia - NT - Matteo, 25,1-13 - Interpretazione Agostiniana.$0(OLS)http://semarc/subject/36076 830 0$aQuaderni di Vetera Christianorum ;$v16.$0(OLS)http://semarc/title/31198 850 $aSeMil 852 $aSeMil$W1$xVenegono$y1$m2U IV 116$j142146$B142146$CSeMilBibl$Z2$F153672 $81 961 $aRecupero: Altro 996 $6245$aRicerche sull'Esegesi Agostiniana della parabola delle dieci vergini :$b(Mt 25,1-13)$9(OLS)http://semarc/title/275995 996 $6260$aBari :$bEdipuglia$9(OLS)http://semarc/publisher/31552 LEADER 01502nam a2200325 i 4500 001 000000033959 003 CaOOAMICUS 005 20060523000000.0 008 060523s1988 it u000 u ita u 013 $a114 020 $a88-311-3072-2 040 $aSeMil$bita 100 0 $aGregorius : Nyssenus,$c.$0(OLS)http://semarc/name/89135 245 10$aOmelie sul Cantico dei Cantici /$cGregorio di Nissa ; introduzione, traduzione e note a cura di Claudio Moreschini. 260 $aRoma :$bCittà Nuova,$c1988. 300 $a374 p. ;$c21 cm. 490 0 $aCollana di testi patristici ;$v72 650 4$aBibbia. Antico Testamento. Cantico dei Cantici - Commentari, studi, critica, interpretazioni.$0(OLS)http://semarc/subject/5490 650 4$aPadri della Chiesa - Omelie.$0(OLS)http://semarc/subject/1576 650 4$aPatristica - Testi - Sec. 4.$0(OLS)http://semarc/subject/5488 700 1 $aMoreschini, Claudio,$d<1938- >.$0(OLS)http://semarc/name/4 830 0$aCollana di testi patristici ;$v72.$0(OLS)http://semarc/title/2 850 $aSeMil 852 $aSeMil$W1$xVenegono$y1$m2U III 172$j114$B114$CSeMilBibl$Z2$F114 $81 900 0 $aGregorio : di Nissa$c. 961 $aAcquisto: Città Nuova 996 $6020$a88-311-3072-2$9(OLS)http://semarc/number/1556 996 $6245$aOmelie sul Cantico dei Cantici$9(OLS)http://semarc/title/45648 996 $6260$aRoma :$bCittà Nuova$9(OLS)http://semarc/publisher/29609